[Event "ECC"]
[Site "Panormo GRE"]
[Date "2001.09.25"]
[Round "3"]
[White "Gunnarsson,J"]
[Black "Buckley,S"]
[Result "1/2-1/2"]
[WhiteElo "2404"]
[BlackElo "2268"]
[EventDate "2001.09.22"]

1. e4 c5 2. Nf3 Nc6 3. d4 cxd4 4. Nxd4 Nf6 5. Nc3 e5 6. Ndb5 d6 7. Nd5 Nxd5
8. exd5 Nb8 9. c4 a6 10. Nc3 Be7 11. Be2 O-O 12. O-O f5 13. Rb1 Bf6 14. f3
Qb6+ 15. Kh1 e4 16. Qc2 exf3 17. Rxf3 Re8 18. Bd2 g6 19. b4 Nd7 20. Rff1
Qc7 21. Rbc1 Ne5 22. Na4 Nc6 23. Qd3 Nd4 24. Bd1 Bd7 25. Nc3 Rac8 26. Bb3
Nxb3 27. axb3 Re7 28. Be3 Rce8 29. Bd4 Bg5 30. Ra1 f4 31. c5 Bf5 32. Qc4
Rc8 33. b5 b6 34. cxb6 Qb8 35. Qb4 axb5 36. Nxb5 Bd3 37. Nxd6 Bxf1 38. Rxf1
Rd8 39. Bc5 Qa8 40. Ne4 Qa6 41. Rg1 Re5 42. Nxg5 Rxg5 43. Be7 Rxg2 44. Bxd8
Qe2 45. Rxg2 Qf1+ 1/2-1/2

[Event "ECC"]
[Site "Panormo GRE"]
[Date "2001.09.25"]
[Round "3"]
[White "Thorsteinsson,T"]
[Black "Buckley,D"]
[Result "1-0"]
[WhiteElo "2324"]
[BlackElo "2172"]
[EventDate "2001.09.22"]

1. Nf3 Nf6 2. b3 g6 3. Bb2 Bg7 4. g3 b6 5. Bg2 Bb7 6. O-O O-O 7. c4 c5 8.
d3 d5 9. cxd5 Qxd5 10. Ne1 Qd7 11. Bxb7 Qxb7 12. Nd2 Nc6 13. Nef3 Rfd8 14.
Rc1 Rac8 15. Rc4 Ne8 16. Bxg7 Nxg7 17. a3 Nf5 18. Ne4 Nfd4 19. Nxd4 Nxd4
20. e3 Nc6 21. f4 f5 22. Ng5 e5 23. Qc2 Qe7 24. Kf2 Re8 25. Qc1 Rcd8 26.
Rc3 exf4 27. gxf4 Ne5 28. Rg1 Ng4+ 29. Rxg4 fxg4 30. Ne4 Qh4+ 31. Kg1 Rxe4
32. dxe4 g3 33. Rc2 gxh2+ 34. Rxh2 Qg4+ 35. Kf2 Rd1 36. Qc4+ Kf8 37. Qe2
Qg1+ 38. Kf3 Re1 39. Rg2 Rxe2 40. Rxg1 Rb2 41. f5 Kf7 42. Kf4 Rxb3 43. Rd1
gxf5 44. exf5 Rxa3 45. e4 Ra4 46. Rd7+ Ke8 47. Rxh7 c4 48. f6 b5 49. Rc7
Ra6 50. e5 b4 51. Kf5 b3 52. f7+ Kd8 53. Rb7 Kc8 54. Re7 1-0

[Event "ECC"]
[Site "Panormo GRE"]
[Date "2001.09.25"]
[Round "3"]
[White "Sigfusson,S"]
[Black "Beveridge,N"]
[Result "1-0"]
[WhiteElo "2284"]
[BlackElo "2021"]
[EventDate "2001.09.22"]

1. e4 e6 2. d4 d5 3. Nc3 Nf6 4. e5 Nfd7 5. Nce2 c5 6. f4 cxd4 7. Nxd4 a6 8.
Ngf3 Nc6 9. c3 Qc7 10. Bd3 b5 11. O-O Nc5 12. Bc2 Bd7 13. Kh1 Be7 14. f5
Ne4 15. Nxc6 Bxc6 16. fxe6 fxe6 17. Nd4 Qd7 18. Qg4 Bc5 19. Nxe6 Nf2+ 20.
Rxf2 Bxf2 21. Nxg7+ Kd8 22. Bf5 Qb7 23. Ne6+ Ke8 24. Qh5+ Qf7 25. Nc7+ 1-0

[Event "ECC"]
[Site "Panormo GRE"]
[Date "2001.09.25"]
[Round "3"]
[White "Neiksans,A"]
[Black "Barber,H"]
[Result "1-0"]
[WhiteElo "2435"]
[BlackElo "2319"]
[EventDate "2001.09.22"]

1. e4 c5 2. Nf3 Nc6 3. d4 cxd4 4. Nxd4 Nf6 5. Nc3 d6 6. Be2 e5 7. Nf3 h6 8.
O-O Be7 9. Re1 O-O 10. h3 Be6 11. Bf1 Nb8 12. b3 Nbd7 13. Bb2 a6 14. a4 Rc8
15. a5 Rc5 16. b4 Rc8 17. Nd5 Nxd5 18. exd5 Bf5 19. c4 Bf6 20. Qb3 e4 21.
Nd2 Re8 22. Rad1 Bxb2 23. Qxb2 Bg6 24. Qd4 f5 25. f4 Qf6 26. Nb3 Bh5 27.
Rc1 e3 28. Bd3 g6 29. Qxf6 Nxf6 30. Nd4 e2 31. Ne6 Nd7 32. Kf2 Re7 33. Bxe2
Bxe2 34. Rxe2 Nf6 35. Rcc2 Rb8 36. Nd4 Re4 37. Rxe4 Nxe4+ 38. Ke3 Kf7 39.
Ne6 b6 40. axb6 Rxb6 41. Nd8+ Kf6 42. Nc6 a5 43. b5 a4 44. Ra2 Nc5 45. Kd4
Rb7 46. Kc3 Rg7 47. Kb4 g5 48. fxg5+ Rxg5 49. Nd4 Rg3 50. Ne6 Rb3+ 51. Ka5
Nxe6 52. dxe6 a3 53. Ka4 Rb1 54. Rxa3 Kxe6 55. Ka5 Kd7 56. Kb6 Rc1 57. Ka7
Rb1 58. Kb7 Rb4 59. b6 f4 60. Rc3 Rb2 61. Rd3 Rxg2 62. c5 Rc2 63. Rxd6+ Ke7
64. Rd4 Rxc5 65. Rxf4 Rc3 66. Rh4 1-0

[Event "ECC"]
[Site "Panormo GRE"]
[Date "2001.09.25"]
[Round "3"]
[White "Elseth,R"]
[Black "Zhigalko,A"]
[Result "0-1"]
[WhiteElo "2358"]
[BlackElo "2400"]
[EventDate "2001.09.22"]

1. e4 c5 2. Nf3 d6 3. d4 cxd4 4. Nxd4 Nf6 5. Nc3 a6 6. Be2 e6 7. a4 Be7 8.
O-O O-O 9. f4 Nc6 10. Be3 Qc7 11. Kh1 Re8 12. Qe1 Nxd4 13. Bxd4 e5 14. Be3
exf4 15. Bxf4 Be6 16. Qg3 Nd7 17. Rac1 Rad8 18. Rfd1 Nf8 19. Nd5 Bxd5 20.
Rxd5 Ng6 21. Bd2 Bf6 22. Qb3 Qc6 23. Bd3 Be5 24. Rf1 Rd7 25. Be2 Nf8 26.
Bg4 Rc7 27. c3 Qc4 28. Qxc4 Rxc4 29. a5 Rxe4 30. Bf3 Rc4 31. Rd3 Rc7 32.
Bd5 Ne6 33. Rdf3 Kf8 34. Be3 f6 35. h4 Rce7 36. Bg1 Nd8 37. g4 g6 38. Kg2
Kg7 39. Re1 Ne6 40. Ref1 Nc7 41. Ba2 h6 42. Bb6 Ne6 43. Be3 Rh8 44. Kh1 h5
45. g5 f5 46. Bd5 Rhe8 47. Re1 Kf8 48. Bb6 Rc8 49. Bf2 Nd8 50. Bb6 Nc6 51.
Re4 Ke8 52. Rc4 Kd7 53. Re3 Rce8 54. Ra4 Bg7 55. Rxe7+ Rxe7 56. Bf3 Re1+
57. Kg2 Rb1 58. Ra2 Ke6 59. Bf2 d5 60. Bc5 Ne5 61. Be2 Nc4 62. b4 Bxc3 63.
Bxc4 dxc4 64. Re2+ Kd5 0-1

[Event "ECC"]
[Site "Panormo GRE"]
[Date "2001.09.25"]
[Round "3"]
[White "Litvinov,Vl"]
[Black "Grotnes,N"]
[Result "1-0"]
[WhiteElo "2317"]
[BlackElo "2291"]
[EventDate "2001.09.22"]

1. d4 d5 2. c4 e6 3. Nf3 Nf6 4. e3 c5 5. cxd5 exd5 6. Be2 Nc6 7. O-O a6 8.
b3 cxd4 9. Nxd4 Qb6 10. Bb2 Be7 11. Nxc6 Qxc6 12. Nc3 Bf5 13. Rc1 Qe6 14.
Bd3 O-O 15. Ne2 Be4 16. Nd4 Qd7 17. Qd2 Bd6 18. Ne2 Qe6 19. f3 Bxd3 20.
Qxd3 Rfe8 21. Bd4 Nd7 22. Qc3 f6 23. Rfd1 Rad8 24. Qd2 Nb8 25. Ba7 Nc6 26.
Nd4 Bxh2+ 27. Kxh2 Qd6+ 28. Kg1 Nxa7 29. Qd3 Re5 30. Rc3 Rde8 31. Qc2 Qb6
32. Rdd3 g6 33. Kf2 f5 34. Rc5 Qd8 35. f4 Qh4+ 36. g3 Qh2+ 37. Kf3 Qh1+ 38.
Kf2 Qh2+ 39. Kf3 Qh1+ 40. Kf2 R5e7 41. Nf3 Nc6 42. Rd1 Qh6 43. Qd2 Qg7 44.
Rxd5 h6 45. Rd6 Re6 46. Qd5 Qf6 47. Nd4 Nxd4 48. Rxd4 Kf8 49. Qc5 Kg7 50.
Qb6 Rxd6 51. Rxd6 Qf7 52. Qd4+ Kh7 53. a4 Re7 54. Rd8 Qg7 55. a5 Qxd4 56.
exd4 g5 57. d5 gxf4 58. gxf4 Re4 59. Rd7+ Kg6 60. Rxb7 Rxf4+ 61. Ke3 Re4+
62. Kd3 Kf6 63. Rb6+ Ke5 64. Rxa6 Kxd5 65. Rxh6 Rg4 66. Rb6 Rg3+ 67. Ke2
Kc5 68. b4+ Kd4 69. a6 Ra3 70. b5 Ke4 71. Re6+ Kd5 72. Re7 1-0

[Event "ECC"]
[Site "Panormo GRE"]
[Date "2001.09.25"]
[Round "3"]
[White "Jansson,J"]
[Black "Maljush,A"]
[Result "0-1"]
[WhiteElo "2227"]
[BlackElo "2312"]
[EventDate "2001.09.22"]

1. Nf3 g6 2. g3 Bg7 3. d4 Nf6 4. Bg2 d5 5. O-O O-O 6. c4 c6 7. b3 Nbd7 8.
Bb2 Ne4 9. Nbd2 Ndf6 10. Rc1 Bf5 11. Ne5 Nxd2 12. Qxd2 Ne4 13. Qb4 Rb8 14.
Rfd1 h5 15. f3 a5 16. Qa3 Nf6 17. cxd5 Nxd5 18. Nc4 b5 19. Ne5 Ne3 20. Nxc6
b4 21. Qa4 Nxd1 22. Rxd1 Bd7 23. Nxd8 Bxa4 24. Nxf7 Kxf7 25. bxa4 Rfc8 26.
Rd2 b3 27. axb3 Rxb3 28. e3 Rcb8 29. Bc1 Rxe3 30. Kf2 Rc3 31. Bb2 Bxd4+ 32.
Kf1 Rxb2 0-1

[Event "ECC"]
[Site "Panormo GRE"]
[Date "2001.09.25"]
[Round "3"]
[White "Ginzburg,Mi"]
[Black "Bjelke,J"]
[Result "1-0"]
[WhiteElo "2274"]
[BlackElo "2087"]
[EventDate "2001.09.22"]

1. e4 c5 2. Nf3 d6 3. d4 cxd4 4. Nxd4 Nf6 5. Nc3 g6 6. f4 Nc6 7. Nxc6 bxc6
8. e5 Bg4 9. Be2 Bxe2 10. Qxe2 dxe5 11. fxe5 Nd5 12. e6 fxe6 13. Qe5 Nf6
14. O-O Bg7 15. Qxe6 Qd6 16. Qc4 Rf8 17. Bf4 Qd7 18. Rad1 Qb7 19. Be5 Rf7
20. Ne4 Qb6+ 21. Kh1 Nd5 22. Bxg7 Rxg7 23. Rxd5 cxd5 24. Qa4+ Kd8 25. Rf8+
Kc7 26. Rxa8 Kb7 27. Qe8 Qc7 28. Rb8+ 1-0

[Event "ECC"]
[Site "Panormo GRE"]
[Date "2001.09.25"]
[Round "3"]
[White "Berkvens,J"]
[Black "Oral,T"]
[Result "1/2-1/2"]
[WhiteElo "2444"]
[BlackElo "2540"]
[EventDate "2001.09.22"]

1. d4 Nf6 2. c4 g6 3. Nc3 d5 4. Bf4 Bg7 5. e3 c5 6. dxc5 Qa5 7. Rc1 dxc4 8.
Bxc4 O-O 9. Nf3 Qxc5 10. Bb3 Qa5 11. O-O Nc6 12. h3 Bf5 13. Qe2 Ne4 14. Nd5
e5 15. Rxc6 exf4 16. Rc7 Be6 17. Ne7+ Kh8 18. Rfc1 Nc3 19. R7xc3 Bxc3 20.
Rxc3 Rae8 21. Bxe6 fxe6 22. Nxg6+ hxg6 23. exf4 Rxf4 24. Qe3 Ref8 25. Ne5
Kh7 26. Rd3 Rxf2 27. Rd7+ Kg8 28. Nxg6 R8f7 29. Rd4 Rf1+ 30. Kh2 Qe1 31.
Ne7+ Kf8 32. Qh6+ Rg7 33. Ng6+ Kf7 34. Nh8+ Kf8 35. Ng6+ Kf7 36. Nh8+
1/2-1/2

[Event "ECC"]
[Site "Panormo GRE"]
[Date "2001.09.25"]
[Round "3"]
[White "Ftacnik,L"]
[Black "Dutreeuw,M"]
[Result "1/2-1/2"]
[WhiteElo "2580"]
[BlackElo "2390"]
[EventDate "2001.09.22"]

1. d4 d6 2. Nf3 Bg4 3. c4 c6 4. g3 Nf6 5. Bg2 e6 6. Nc3 Bxf3 7. Bxf3 d5 8.
Qb3 Qb6 9. O-O Nbd7 10. e4 dxe4 11. Nxe4 Nxe4 12. Bxe4 Qxb3 13. axb3 Nf6
14. Bf3 Bb4 15. Be3 Ke7 16. g4 h6 17. Rfd1 a6 18. h4 Bd6 19. Bd2 Rad8 20.
b4 Rd7 21. b5 axb5 22. cxb5 Nd5 23. Rdc1 Bf4 24. Bxf4 Nxf4 25. bxc6 bxc6
26. Bxc6 Rxd4 27. Rd1 Rb8 28. Ra7+ Kf6 29. Rxd4 Ne2+ 30. Kg2 Nxd4 31. Be4
Rxb2 32. g5+ hxg5 33. hxg5+ Kxg5 34. Rxf7 g6 35. Rg7 Nf5 36. Rb7 Re2 37.
Bxf5 gxf5 38. Kg3 e5 39. f4+ exf4+ 40. Kf3 Re3+ 41. Kf2 Ra3 42. Rb6 f3 43.
Rb4 Rc3 1/2-1/2

[Event "ECC"]
[Site "Panormo GRE"]
[Date "2001.09.25"]
[Round "3"]
[White "Welling,G"]
[Black "Horvath,Mario"]
[Result "1-0"]
[WhiteElo "2376"]
[BlackElo "2257"]
[EventDate "2001.09.22"]

1. e4 c5 2. Nf3 d6 3. Be2 Nf6 4. c3 g6 5. O-O Bg7 6. Re1 O-O 7. Bf1 Nc6 8.
h3 h6 9. d4 e5 10. dxc5 dxc5 11. Qc2 Nh5 12. Be3 b6 13. Na3 f5 14. Rad1 Qe7
15. Qb3+ Kh7 16. Qd5 Bb7 17. Qd7 Rad8 18. Qxe7 Nxe7 19. Nc4 Bxe4 20. Ncxe5
Nc6 21. Nxc6 Bxc6 22. Nh2 Bf6 23. Be2 Ng7 24. Bf4 Ne6 25. Bd6 Rfe8 26. Bc4
Ng5 27. Bf4 Kg7 28. Bb3 b5 29. Rxe8 Rxd1+ 30. Bxd1 Bxe8 31. Be3 Ne6 32. Nf3
Bc6 33. Ne1 f4 34. Bd2 Bd5 35. a4 a6 36. axb5 axb5 37. Nd3 g5 38. Bg4 Be7
39. Ne5 Bd6 40. Nd3 Kf6 41. Be2 Nf8 42. h4 Nd7 43. hxg5+ hxg5 44. Kf1 Nb6
45. Bc1 Kf5 46. f3 Nd7 47. Nf2 c4 48. Bd1 Nf6 49. Bc2+ Ke5 50. Nh3 Nh5 51.
Nxg5 Ng3+ 52. Ke1 Bc5 53. Nh3 Be3 54. Bxe3 fxe3 55. Ng1 Nh5 56. Ne2 Bc6 57.
Bg6 Ng7 58. Nd4 Bd7 59. Ke2 Kf4 60. g3+ 1-0

[Event "ECC"]
[Site "Panormo GRE"]
[Date "2001.09.25"]
[Round "3"]
[White "Kolesar,Mil"]
[Black "Van Schaardenburg,M"]
[Result "1/2-1/2"]
[WhiteElo "2234"]
[BlackElo "2265"]
[EventDate "2001.09.22"]

1. Nf3 d6 2. d4 Bg4 3. g3 c6 4. Bg2 g6 5. O-O Bg7 6. h3 Bxf3 7. exf3 Nd7 8.
f4 e6 9. c3 Ne7 10. Nd2 Qc7 11. Nc4 O-O 12. Qb3 b5 13. Ne3 Rab8 14. Bd2 Nb6
15. Rfc1 a5 16. Qc2 Rfc8 17. Qd3 Qa7 18. Rab1 Rd8 19. c4 c5 20. cxb5 cxd4
21. Nc4 Nxc4 22. Qxc4 a4 23. b3 a3 24. Qa4 Rd7 25. Bc6 Nd5 26. Bxd7 Qxd7
27. Qxa3 Nc3 28. Bxc3 dxc3 29. b4 Qxb5 30. Rxc3 Bxc3 31. Qxc3 Qf5 32. Rb2
Qxh3 33. b5 e5 34. fxe5 Rc8 35. Qd2 h5 36. b6 h4 37. b7 Rb8 38. Qxd6 hxg3
39. Qxb8+ Kg7 40. fxg3 Qxg3+ 41. Kf1 Qf4+ 42. Rf2 Qc4+ 43. Ke1 Qb4+ 44. Rd2
Qe4+ 45. Re2 Qb4+ 46. Kd1 Qd4+ 47. Rd2 Qa4+ 48. Kc1 Qc4+ 1/2-1/2

[Event "ECC"]
[Site "Panormo GRE"]
[Date "2001.09.25"]
[Round "3"]
[White "Huizer,M"]
[Black "Blaho,S"]
[Result "0-1"]
[WhiteElo "2208"]
[BlackElo "2158"]
[EventDate "2001.09.22"]

1. Nf3 d5 2. d4 Nf6 3. e3 c6 4. Bd3 Bg4 5. c4 e6 6. Qb3 Qb6 7. Ne5 Bh5 8.
Nd2 Nbd7 9. f4 Be7 10. O-O Qxb3 11. Nxb3 Nxe5 12. dxe5 Nd7 13. cxd5 cxd5
14. e4 dxe4 15. Bxe4 Nc5 16. Bf3 Bxf3 17. Rxf3 O-O 18. Be3 Nxb3 19. axb3 b6
20. Rc1 Rac8 21. Rff1 Rfd8 22. Rxc8 Rxc8 23. Ra1 Rc7 24. Kf1 h5 25. Ra4 Kh7
26. Ke2 Kg6 27. Kf3 Kf5 28. Rc4 Rxc4 29. bxc4 g5 30. fxg5 Kxe5 31. Kg3 Ke4
32. Bf4 e5 33. Bc1 Kd3 34. Kh4 e4 35. Bf4 e3 36. g4 e2 37. Bg3 Bd6 38. Be1
hxg4 39. Kxg4 Bxh2 40. Kf5 a5 41. c5 bxc5 42. Bxa5 Bg3 43. Kf6 e1=Q 44.
Bxe1 Bxe1 45. Kxf7 Bf2 46. Ke6 c4 0-1

[Event "ECC"]
[Site "Panormo GRE"]
[Date "2001.09.26"]
[Round "4"]
[White "Babula,V"]
[Black "Hall,Je"]
[Result "1-0"]
[WhiteElo "2566"]
[BlackElo "2501"]
[EventDate "2001.09.22"]

1. d4 Nf6 2. c4 e6 3. Nc3 Bb4 4. e3 c5 5. Nge2 cxd4 6. exd4 d5 7. a3 Be7 8.
Nf4 Nc6 9. Be3 O-O 10. cxd5 Nxd5 11. Ncxd5 exd5 12. Bd3 Bf6 13. O-O g6 14.
Rc1 Qd6 15. Rc5 Be6 16. Nxe6 Qxe6 17. Bb5 Ne7 18. Re1 Qb6 19. b4 a5 20.
bxa5 Qxa5 21. a4 Rfd8 22. g4 b6 23. Rc7 Rac8 24. Bd2 Rxc7 25. Bxa5 bxa5 26.
Qd2 Ra7 27. Qf4 Bg7 28. Rc1 Kf8 29. Rc5 h6 30. h4 Rb7 31. Kg2 Rb6 32. Rc7
Re6 33. Rd7 Rc8 34. g5 hxg5 35. hxg5 Re4 36. Qc7 Bxd4 37. Qxa5 Kg7 38. Bd3
Re5 39. Qd2 Bc3 40. Qf4 Re6 41. a5 Be5 42. Qb4 Nc6 43. Qb7 Rf8 44. a6 Bd4
45. Rc7 Ne5 46. Qxd5 Bb6 47. Qxe6 Bxc7 48. Qf6+ Kg8 49. Be4 Bb8 50. Bd5 1-0

[Event "ECC"]
[Site "Panormo GRE"]
[Date "2001.09.26"]
[Round "4"]
[White "Pedersen,St"]
[Black "Pelletier,Y"]
[Result "1/2-1/2"]
[WhiteElo "2453"]
[BlackElo "2531"]
[EventDate "2001.09.22"]

1. d4 d5 2. c4 c6 3. Nf3 Nf6 4. Nc3 e6 5. Bg5 Nbd7 6. e3 Qa5 7. cxd5 Nxd5
8. Qd2 Bb4 9. Rc1 c5 10. a3 Bxc3 11. bxc3 Qxa3 12. e4 N5f6 13. Bd3 Qa5 14.
O-O cxd4 15. cxd4 Qxd2 16. Bxd2 O-O 17. Rfe1 Rd8 18. Bb4 Nb6 19. Be7 Re8
20. Rc7 Nfd5 21. exd5 Nxd5 22. Bd6 Nxc7 23. Bxc7 Bd7 24. Ne5 Ba4 25. Rb1 b6
26. Ba6 f6 27. Nf3 Bc6 28. Rc1 Bxf3 29. gxf3 Re7 30. Kf1 Rd7 31. Rc4 Rf8
32. Ke2 Rff7 33. Bg3 Rd8 34. Ke3 Re7 35. Rc6 Kh8 36. Bc4 Red7 37. Rxe6 Rxd4
38. Bc7 Rxc4 39. Bxd8 h6 40. Re7 Ra4 41. Rb7 Kg8 42. Bc7 Ra3+ 43. Kf4 Ra2
44. Kg3 Ra1 45. Kf4 Ra2 46. Kg3 Ra1 47. Kg2 Kh8 48. Bb8 a5 49. Rxb6 a4 50.
Ra6 a3 51. Bf4 a2 52. Be3 Kg8 53. Ra7 Kh8 54. f4 Kg8 55. f5 Kh8 56. Kf3 Kg8
57. Bf4 Kh8 58. Bg3 h5 59. Ra8+ Kh7 60. h4 Rb1 61. Rxa2 Rb4 62. Ra8 Rc4 63.
Ke3 Rg4 64. Kd3 Rb4 65. Rc8 Ra4 66. Rc4 Ra5 67. Ke4 Rb5 68. Bf4 Ra5 69. Be3
Re5+ 70. Kf4 Rb5 71. Bc5 Rb1 72. Ke4 Rd1 73. Be3 Rb1 74. Kd5 Rb5+ 75. Bc5
Rb7 76. Rb4 Rc7 77. Rb8 Rd7+ 78. Ke6 Rd2 79. Rb7 Kg8 80. Be3 Rc2 81. Rb8+
Kh7 82. Kf7 Rc4 83. Rd8 Rc7+ 84. Ke6 Rc4 85. Bd4 Rc2 86. Rd7 Kg8 87. Bxf6
gxf6 88. Kxf6 Rxf2 89. Rg7+ Kf8 90. Rh7 Kg8 91. Rxh5 Ra2 92. Kg6 Rg2+ 93.
Rg5 Rh2 94. h5 Rh1 95. h6 Rh2 96. f6 Rh1 97. h7+ Rxh7 98. Rb5 1/2-1/2

[Event "ECC"]
[Site "Panormo GRE"]
[Date "2001.09.26"]
[Round "4"]
[White "Meins,G"]
[Black "Bekker Jensen,Da"]
[Result "0-1"]
[WhiteElo "2415"]
[BlackElo "2284"]
[EventDate "2001.09.22"]

1. d4 Nf6 2. c4 g6 3. Nc3 Bg7 4. e4 d6 5. Be2 O-O 6. Bg5 c5 7. d5 h6 8. Be3
e6 9. Qd2 exd5 10. exd5 Kh7 11. h3 Re8 12. Bd3 b5 13. Nxb5 Ne4 14. Bxe4
Rxe4 15. Rc1 a6 16. Na3 Qg5 17. Nf3 Qf6 18. b3 Ra7 19. Nb1 Rae7 20. Nc3 Rd4
21. Qe2 Bf5 22. O-O Nd7 23. Nxd4 cxd4 24. Bxd4 Qh4 25. Be3 Ne5 26. Rcd1
Bxh3 27. Rd4 Bg4 28. Rf4 g5 29. Qc2+ Kh8 30. Rxg4 Nxg4 31. Re1 Rxe3 32.
Rxe3 Nxe3 33. Qe4 Bxc3 34. Qxe3 Be5 35. g3 Qd4 36. Qf3 Kg7 37. Kg2 Qb2 38.
a4 Qc3 39. Qe4 Bf6 40. Qb1 a5 41. Qd1 Bd4 0-1

[Event "ECC"]
[Site "Panormo GRE"]
[Date "2001.09.26"]
[Round "4"]
[White "Kindermann,S"]
[Black "Kuzmin,G"]
[Result "1/2-1/2"]
[WhiteElo "2520"]
[BlackElo "2542"]
[EventDate "2001.09.22"]

1. e4 e5 2. Nf3 Nc6 3. Bb5 a6 4. Ba4 Nf6 5. O-O b5 6. Bb3 d6 7. c3 Na5 8.
Bc2 c5 9. d4 Qc7 10. Nbd2 cxd4 11. cxd4 Bd7 12. Bd3 Be7 13. Qe2 O-O 14. b3
Nc6 15. Bb2 Bd8 16. a4 bxa4 17. dxe5 Nxe5 18. Nxe5 dxe5 19. bxa4 Bg4 20.
Qe3 Be6 1/2-1/2

[Event "ECC"]
[Site "Panormo GRE"]
[Date "2001.09.26"]
[Round "4"]
[White "Shneider,A"]
[Black "Teske,H"]
[Result "0-1"]
[WhiteElo "2493"]
[BlackElo "2486"]
[EventDate "2001.09.22"]

1. d4 d5 2. c4 e6 3. Nc3 Nf6 4. Bg5 Nbd7 5. e3 h6 6. Bh4 Be7 7. Nf3 O-O 8.
Rc1 a6 9. c5 c6 10. Bd3 b6 11. cxb6 c5 12. b3 cxd4 13. exd4 Nxb6 14. O-O
Bb7 15. Re1 Rc8 16. Bb1 Nbd7 17. Qd3 Ne4 18. Bxe7 Qxe7 19. Qe3 Nxc3 20.
Rxc3 Rxc3 21. Qxc3 Rc8 22. Qb2 Qd6 23. Rc1 Rc6 24. Rxc6 Qxc6 25. h3 f6 26.
Bd3 Qd6 27. Nh4 g5 28. Nf3 Kf7 29. Qc2 Ke7 30. Bf1 Kd8 31. Qh7 Qa3 32. Qg8+
Ke7 33. Qh7+ Kd6 34. Qc2 Bc6 35. h4 a5 36. Qb1 g4 37. Nh2 f5 38. Be2 Qb4
39. Qd1 h5 40. Nf1 f4 41. Qd3 Qe1 42. Qa6 Qb4 43. Qa7 e5 44. dxe5+ Nxe5 45.
Ba6 Nd7 46. Bd3 Qe1 47. g3 fxg3 48. fxg3 Ne5 49. Qb8+ Kc5 50. Qa7+ Kb4 51.
Ba6 Ka3 52. b4 axb4 53. Be2+ Kb2 54. Qa6 Qc3 55. Qa7 d4 56. Bd1 Bb5 57. Qe7
Qd3 58. Qxb4+ Kc1 0-1

[Event "ECC"]
[Site "Panormo GRE"]
[Date "2001.09.26"]
[Round "4"]
[White "Lugovoi,A"]
[Black "Pigusov,E"]
[Result "1/2-1/2"]
[WhiteElo "2485"]
[BlackElo "2613"]
[EventDate "2001.09.22"]

1. d4 Nf6 2. c4 e6 3. Nf3 d5 4. Nc3 Be7 5. Bg5 h6 6. Bh4 O-O 7. Rc1 Ne4 8.
Bxe7 Qxe7 9. e3 c6 10. Qc2 Nxc3 11. Qxc3 Nd7 12. a3 dxc4 13. Bxc4 b6 14. b4
Bb7 15. O-O c5 16. dxc5 bxc5 17. b5 a6 18. Rfd1 Nb6 19. bxa6 Bxa6 20. Bxa6
Rxa6 21. Qxc5 1/2-1/2

[Event "ECC"]
[Site "Panormo GRE"]
[Date "2001.09.26"]
[Round "4"]
[White "Horvath,Ad"]
[Black "Jacimovic,D"]
[Result "1/2-1/2"]
[WhiteElo "2504"]
[BlackElo "2485"]
[EventDate "2001.09.22"]

1. e4 e6 2. d4 d5 3. Nc3 Bb4 4. e5 c5 5. a3 Bxc3+ 6. bxc3 Ne7 7. Nf3 b6 8.
a4 Ba6 9. Bb5+ Bxb5 10. axb5 Qc7 11. O-O O-O 12. Ng5 h6 13. Nh3 Nd7 14. Ra2
Rfc8 15. Nf4 cxd4 16. cxd4 Qc4 17. Rb2 Nf5 18. Ne2 a6 19. bxa6 Rxa6 20. c3
Ra1 21. g4 Ne7 22. f4 f5 23. h3 Rca8 1/2-1/2

[Event "ECC"]
[Site "Panormo GRE"]
[Date "2001.09.26"]
[Round "4"]
[White "Bogdanovski,V"]
[Black "Groszpeter,A"]
[Result "1-0"]
[WhiteElo "2430"]
[BlackElo "2495"]
[EventDate "2001.09.22"]

1. d4 Nf6 2. Nf3 g6 3. Bg5 Bg7 4. Nbd2 O-O 5. e3 d6 6. c3 Nbd7 7. a4 e5 8.
a5 Qe7 9. Bc4 h6 10. Bh4 e4 11. Ng1 d5 12. Ba2 Rd8 13. Ne2 Nf8 14. h3 c6
15. Qc2 Be6 16. c4 g5 17. Bg3 Ng6 18. Rc1 Ne8 19. cxd5 cxd5 20. Qb3 Rac8
21. O-O h5 22. Rc3 h4 23. Bh2 g4 24. hxg4 Bxg4 25. Nf4 Nxf4 26. Bxf4 Be6
27. f3 exf3 28. Nxf3 Rxc3 29. bxc3 Rc8 30. Ng5 Nd6 31. Nxe6 fxe6 32. Bxd6
Qxd6 33. Qxb7 Qc7 34. a6 Bh6 35. e4 h3 36. Rf3 h2+ 37. Kh1 Qxb7 38. axb7
Rb8 39. exd5 Rxb7 40. dxe6 Kg7 41. d5 1-0

[Event "ECC"]
[Site "Panormo GRE"]
[Date "2001.09.26"]
[Round "4"]
[White "Palkovi,J"]
[Black "Dancevski,O"]
[Result "0-1"]
[WhiteElo "2446"]
[BlackElo "2435"]
[EventDate "2001.09.22"]

1. e4 c5 2. c3 g6 3. d4 cxd4 4. cxd4 d5 5. exd5 Nf6 6. Nc3 Bg7 7. Bb5+ Bd7
8. Qb3 O-O 9. Bxd7 Nbxd7 10. d6 e5 11. Nge2 exd4 12. Nb5 Nc5 13. Qa3 Qb6
14. Nbxd4 Rfd8 15. O-O Rxd6 16. Bf4 Rd7 17. Nf3 Nd5 18. Be5 Re8 19. Bxg7
Kxg7 20. Nfd4 Ne4 21. Rad1 Nf4 22. Qe3 Nxe2+ 23. Nxe2 Rxd1 24. Rxd1 Qxb2
25. Ng3 Qc2 26. Qd4+ Nf6 27. h4 h5 28. a4 a6 29. f3 Kg8 30. Kh2 Qc6 31. Qf4
Re6 32. Rd8+ Kg7 33. a5 Qc5 34. Qd2 Qc7 0-1

[Event "ECC"]
[Site "Panormo GRE"]
[Date "2001.09.26"]
[Round "4"]
[White "Colovic,A"]
[Black "Horvath,Ta1"]
[Result "1-0"]
[WhiteElo "2384"]
[BlackElo "2356"]
[EventDate "2001.09.22"]

1. c4 c5 2. g3 g6 3. Bg2 Bg7 4. Nc3 Nc6 5. a3 a5 6. d3 d6 7. e3 Nh6 8. e4
f5 9. Nge2 O-O 10. O-O Rb8 11. Bg5 Ng4 12. h3 Nge5 13. f4 Nf7 14. Bh4 h6
15. Qd2 Kh7 16. Rae1 Rg8 17. exf5 g5 18. Bd5 gxh4 19. Bxf7 hxg3 20. Bg6+
Kh8 21. Nxg3 e6 22. fxe6 Bd4+ 23. Kh2 Rxg6 24. f5 Rg5 25. Nce4 b5 26. Nxg5
Qxg5 27. Qxg5 hxg5 28. e7 Bd7 29. f6 Be5 30. cxb5 Nxe7 31. fxe7 Rxb5 32.
Re2 1-0

[Event "ECC"]
[Site "Panormo GRE"]
[Date "2001.09.26"]
[Round "4"]
[White "Meszaros,T"]
[Black "Stojanovski,D"]
[Result "0-1"]
[WhiteElo "2344"]
[BlackElo "2417"]
[EventDate "2001.09.22"]

1. e4 c5 2. Nf3 g6 3. d4 cxd4 4. Nxd4 Nc6 5. Nc3 Bg7 6. Be3 Nf6 7. Bc4 Qa5
8. O-O O-O 9. Be2 d6 10. Nb3 Qd8 11. f4 Be6 12. f5 Bd7 13. g4 Ne5 14. g5
Ne8 15. h4 Bc6 16. h5 Nc7 17. Qe1 f6 18. Qh4 gxf5 19. h6 Bh8 20. exf5 e6
21. g6 hxg6 22. h7+ Kf7 23. fxg6+ Nxg6 24. Qh5 f5 25. Rad1 Qh4 26. Qxh4
Nxh4 27. Rxd6 Be5 28. Rd2 Rh8 29. Bh5+ Kf6 30. Bf4 Rxh7 31. Bxe5+ Kxe5 32.
Re1+ Kf6 33. Bd1 Rg8+ 34. Kf2 Rhg7 35. Rf1 Nd5 36. Nxd5+ Bxd5 37. Rd4 Ng6
38. c4 Bc6 39. Nc5 Ne5 40. Rd6 Re7 41. Be2 b6 42. Nd3 Rd7 43. Rxd7 Bxd7 44.
Nxe5 Kxe5 45. Bf3 Rc8 46. Re1+ Kf4 47. Rd1 Bc6 48. Bxc6 Rxc6 49. Rd4+ Ke5
50. Ke3 Rd6 51. Rh4 Rd7 52. b3 a5 53. Rh8 f4+ 54. Kf3 Rd3+ 55. Ke2 Ke4 56.
Rh6 e5 57. Rxb6 f3+ 58. Kf2 Rd2+ 59. Kg3 Rxa2 60. b4 axb4 61. Rxb4 Rg2+ 62.
Kh3 Rg6 63. c5+ Kd5 0-1

[Event "ECC"]
[Site "Panormo GRE"]
[Date "2001.09.26"]
[Round "4"]
[White "Miladinovic,I"]
[Black "Lastin,A"]
[Result "1/2-1/2"]
[WhiteElo "2496"]
[BlackElo "2628"]
[EventDate "2001.09.22"]

1. d4 d5 2. Bg5 h6 3. Bh4 c6 4. Nf3 Qb6 5. b3 Bf5 6. e3 e6 7. Bd3 Bxd3 8.
Qxd3 Nd7 9. O-O Be7 10. Bxe7 Nxe7 11. c4 O-O 12. Nc3 Rad8 13. Rfd1 Qa6 14.
a4 Qa5 15. Rdb1 Qc7 16. Ra2 a5 17. Rc2 Qb8 18. Qe2 Qa7 19. cxd5 exd5 20. b4
axb4 21. Rxb4 Nf5 22. Qd3 Nd6 23. Rcb2 Rfe8 24. Qb1 b6 25. Rc2 Qa5 26. Rb3
Ra8 27. h3 Ne4 28. Nxe4 dxe4 29. Ne5 Nxe5 30. dxe5 Qxe5 31. Rxc6 Rxa4 32.
Rc1 Rea8 1/2-1/2

[Event "ECC"]
[Site "Panormo GRE"]
[Date "2001.09.26"]
[Round "4"]
[White "Avrukh,B"]
[Black "Kishnev,S"]
[Result "1-0"]
[WhiteElo "2598"]
[BlackElo "2498"]
[EventDate "2001.09.22"]

1. d4 d5 2. c4 c6 3. Nc3 Nf6 4. e3 g6 5. Nf3 Bg7 6. Be2 O-O 7. O-O Bf5 8.
cxd5 Nxd5 9. Qb3 Nxc3 10. bxc3 b6 11. Nd2 e5 12. Ba3 Re8 13. Nc4 Be6 14.
Qc2 e4 15. Rad1 Bf8 16. Bxf8 Kxf8 17. f3 exf3 18. Rxf3 Nd7 19. Nd6 Re7 20.
e4 f6 21. Qd2 Kg7 22. Qf4 b5 23. h4 Qa5 24. h5 Qxa2 25. hxg6 Qxe2 26. Rd2
Qe1+ 27. Rf1 Qxf1+ 28. Kxf1 hxg6 29. Qg3 Kh6 30. Rd3 Rh7 31. d5 cxd5 32.
exd5 Bf5 33. Rd4 Bc2 34. Rh4+ Kg7 35. Rxh7+ Kxh7 36. Qh3+ 1-0

[Event "ECC"]
[Site "Panormo GRE"]
[Date "2001.09.26"]
[Round "4"]
[White "Coenen,N"]
[Black "Huzman,A"]
[Result "1/2-1/2"]
[WhiteElo "2418"]
[BlackElo "2571"]
[EventDate "2001.09.22"]

1. e4 e6 2. d4 d5 3. Nd2 c5 4. exd5 Qxd5 5. Ngf3 cxd4 6. Bc4 Qd6 7. O-O Nf6
8. Nb3 Nc6 9. Nbxd4 Nxd4 10. Nxd4 Bd7 11. c3 Be7 12. Qe2 O-O 13. Re1 Qc7
14. Bg5 Nd5 15. Bxe7 Nxe7 16. Rad1 Rad8 17. Bb3 Ng6 18. Qe3 a6 19. Rd2 Bc8
1/2-1/2